00409nam a22001217a 450000500170000000800040001702000290002104000140005010000580006424500810012226000420020330000420024520220428113511.0eng a9781431029211qPAPERBACK a3228cRDA aM. Mkhatshwa, N.E. Masoka, N.F. Maseko, S.S. Mazibuko aTibuya EmphandzenibBuciko BemlomocM MkhatshwaN E MasokaN F MasekohSISWATI aNorthlandsbMacmillan educationc2015 a250 pages; color illustrationsc25 cm